00941nam a2200157 a 4500008004100000020001800041041000800059100002200067245004200089250001100131260003500142300002500177500008000202505048900282655001200771180918t2021 ag a|||g||||| 001 1 spa d a9789878827056 aspa1 aCostantini, Pablo aCuentos iniciales /cPablo Costantini a1a ed. aNeuquén:bItinerarte;c2021. a226 p.bil.c21x15cm aCostantini, P. (2021). Cuentos iniciales. (1a ed.). Neuquén : Itinerarte. aSon cuentos de ficción de temática ecléctica. Es una selección de quince cuentos que fueron surgiendo mientras buscábamos (y aún buscamos) terminar una novela; son quince frutos de ejercitar lo estilístico, lo temático y, fundamentalmente, lo lúdico. En ese sentido, no quieren más que entretener y sólo aspiran a ser un buen comienzo. La inclusión de algunos temas de ficción clásicos fue inconsciente y sospecho que responden a una filogenia como lector. aCuentos